Un peu de culture générale ! - Statistiques

Statistiques générales
  • Ce quiz a été pris 117 fois
  • Le résultat moyen est 11 sur 15
Statistiques - réponses
Question Réponse % Correct
En quelle année la Révolution Française a-t-elle commencé ? 1789
99%
Qui a peint la Joconde ? Leonard de Vinci
90%
Quel groupe a chanté Bohemian Rhapsody ? Queen
89%
Quelle est la plus grande île du monde ? Groenland
88%
Dans quel pays est né le compositeur Mozart ? Autriche
85%
Dans quel film trouve t'on le personnage Star-Lord ? Les Gardiens de la Galaxie
79%
Quelle capitale est surnommée "la ville éternelle" ? Rome
76%
Quel écrivain a créé le personnage de Sherlock Holmes ? Arthur Conan Doyle
75%
Quelle est la capitale de la Mongolie ? Oulan-Bator
72%
Combien de planètes compte notre système solaire ? 8
71%
Quel empire a été dirigé par Charlemagne ? L'empire Carolingiens
68%
Quel est le plus grand organe du corps humain ? La peau
54%
Quel élément chimique porte le symbole "W" ? Tungstène
50%
Quel écrivain a refusé le prix Nobel de littérature en 1964 ? Jean-Paul Sartre
36%
Quel roi de France a été surnommé "le roi de fer" et a combattu les Templiers ? Philippe IV
32%
Aucun quiz correspondant
Distribution des résultats
% des personnes avec chaque résultat
Percentile par nombre de réponses
Votre historique - résultats
Vous n’avez pas pris ce quiz